| 000 | 01341cad a22002535a 4500 | ||
|---|---|---|---|
| 001 | L160088 | ||
| 008 | 120529s2010 xxk g 000 0 eng d | ||
| 035 | _a(Sirsi) u160088 | ||
| 041 | 0 | _aeng | |
| 110 | _aFederation International Des Geometres | ||
| 111 | 2 |
_aFIG Working Week 2010 _bSydney, Australia _c11-16 April 2010 |
|
| 245 | 0 | 4 |
_aThe basis and administration of the property tax _bWhat can be learned from international practice? _h[electronic resource] |
| 260 |
_aSydney _bFIG _c2010 |
||
| 520 | _aThis paper is seeking to address two key objectives, firstly, to place into context within countries or jurisdictions a rationale for identifying the most appropriate basis of the property tax and secondly, to develop a framework that can suggest optimal administration of the property tax system. | ||
| 650 | 2 | 4 | _aPROPERTY TAX |
| 650 | 2 | 4 | _aTAX ADMINISTRATION |
| 651 | 4 | _aInternational | |
| 690 | _aFinance and taxation | ||
| 700 | 1 | _aPlimmer, Frances | |
| 700 | 1 | _aMcCluskey, James | |
| 856 | 4 | 0 |
_uhttps://www.rics.org/Global/Downloads/Basis_and_Administration_of_the_Property_Tax.pdf _zView the paper free of charge at www.rics.org |
| 856 | 4 | 0 |
_uhttps://fig.net/resources/proceedings/fig_proceedings/fig2010/ppt/ts01f/ts01f_plimmer_mccluskey_ppt_4174.pdf _zView the presentation free of charge at www.fig.net |
| 942 | _n0 | ||
| 999 |
_c116205 _d116205 |
||